000
00288nam a22001337a 4500
003
OSt
008
231102b |||||||| |||| 00| 0 eng d
041
_a
eng
082
_a
894.812 308
_b
MAR
245
_a
Marannittilla
260
_b
Naval Club, Kerala,
300
_a
207pages.
942
_c
BK
999
_c
17774
_d
17774